On This Day: November 9th Quiz Stats

 Plays Quiz Updated Nov 9, 2017

Challenge
Share
Tweet
Embed
Score 0/7 Timer 03:00
0 Plays Today
Question Answer Wrong Answers
Checkpoints open at this guarded concrete barrier, allowing citizens to cross freely for the first time since it was built in 1961.
1989
Berlin Wall
93.2%
Korean Demilitarized Zone
1.9%
West Bank Barrier
1.5%
Hungarian Border Wall
0.8%
The United States receives the rights to ______ on the island of Oahu, Hawaii.
1887
Pearl Harbor
89.3%
Tunnels Beach
0.8%
Molokini
2.9%
Waialea Bay
6.3%
This man abdicates following the German Revolution, and Germany is proclaimed a Republic.
1918
Wilhelm II
81.5%
Frederick III
9.7%
William I
3.6%
George V
3.1%
______ is the first sitting President of the United States to make an official trip outside the country, visiting Panama to inspect progress on the Panama Canal.
1906
Theodore Roosevelt
78.8%
William McKinley
6.9%
William Howard Taft
6.6%
Grover Cleveland
6.1%
This American astrophysicist and author, who narrated and co-wrote the award-winning TV series ‘Cosmos: A Personal Voyage’, is born.
1934
Carl Sagan
77.8%
Stephen Hawking
9.6%
Richard Dawkins
4.3%
Isaac Asimov
6.1%
The first issue of this biweekly magazine, which focuses on popular culture topics, is published.
1967
Rolling Stone
70.2%
Vanity Fair
23.9%
Complex
1.5%
Mojo
1.9%
The Tokugawa shogunate hands power back to the Emperor of Japan, starting the ______ Restoration.
1867
Meiji
46.2%
Taishō
32.6%
Kōmei
14.6%
Momozono
6.5%

You're not logged in!

Compare scores with friends on all Sporcle quizzes.
OR
Log In

You Might Also Like...

Show Comments

Extras

Top Quizzes Today


Score Distribution

Your Account Isn't Verified!

In order to create a playlist on Sporcle, you need to verify the email address you used during registration. Go to your Sporcle Settings to finish the process.

Report this User

Report this user for behavior that violates our Community Guidelines.

Details: